00756nam a2200217 a 450000100100000000500170001000800410002702000150006804000250008304100130010808200150012110000270013624000340016324501490019726000480034630000220039449000210041650400540043770000260049183000210051700002618520200930024356.0110303s1987 ag r 000 0 spa d a9509097713 aDO-SdBNPbspacBNPHU17aspaheng axxxbC678e1 aCohen, Michael,d1944-10aThe Pathless way.lEspañol.10aEntre osos, coyotes y glaciares :bJohn Muir, el hombre de los parques nacionales americanos /cMichael P. Cohen ; traducción Antonio Bonnano. aBuenos Aires, Argentina :bFraterna,c1987. a525, p. ;c21 cm.1 aLibros del Tapir aIncluye referencias bibliográficas (p. 513-515)1 aBonnano, Antonioetr. 0aLibros del Tapir